000 01362namaa22003131i 4500
005 20260405121237.0
008 260224s1994 ua a|||fr|m|| 000 0 eng d
040 _aEG-GICUC
_beng
_cEG-GICUC
_dEG-GICUC
_erda
041 0 _aeng
_beng
_bara
049 _aDeposit
097 _aM.Sc
099 _aCai01.13.11.M.Sc.1994.Ah.M.
100 0 _aAhmed Aly Ahmed Aly Taha,
_epreparation.
245 1 0 _aMulti-component fuel performance and heat release in open-chamber diesel engines /
_cBy Ahmed Aly Ahmed Aly Taha ; Supervised Prof.Dr. M.M. Elkotb, Prof.Dr. O.M.F. El- Bahar
246 1 5 _aالوقود المتعدد اداء ومعدل الدورة المنبعثة فى محركات الديرل ذات الفرقة المفتوحة
264 0 _c1994.
300 _a128 Pages :
_billustrations ;
_c25 cm. +
336 _2rda content
_atext
337 _2rdamedia
_aUnmediated
338 _2rdacarrier
_avolume
502 _aThesis (M.Sc.)-Cairo University, 1994
504 _aBibliography: pages 109 : 120
653 0 _aMulti-component
_aopen-chamber diesel engines
700 0 _aM.M. Elkotb
_ethesis advisor.
700 0 _aO.M.F. El- Bahar
_ethesis advisor.
900 _DDepartment of Mechanical
_FFaculty of Engineering
_UCairo University
_b1994
_cM.M. Elkotb
_cO.M.F. El- Bahar
_dM.M. Elkotb
905 _aNagat
_eNourhan
942 _2ddc
_cTH
_e21
_n0
999 _c178689